000 nam a22 7a 4500
999 _c8378
_d8378
008 180116b ||||| |||| 00| 0 eng d
100 _aSoares.N.
_94479
245 _aBetter Living
260 _bNavadeep
_c2008